Normal view MARC view
  • Valcárcel, Amelia,

Entry Nombre Personal

Number of records used in: 4

001 - NUMERO DE CONTROL

  • campo de control: 48208

003 - IDENTIFICADOR DE NUMERO DE CONTROL

  • campo de control: DLC

005 - FECHA Y HORA DE LA ÜLTIMA TRANSACCIÓN

  • campo de control: 20230309133629.0

008 - DATOS DE LONGITUD FIJA

  • campo de control de longitud fija: 800716n| azannaabn |a aaa

010 ## - NÚMERO DE CONTROL DE LA BIBLIOTECA DEL CONGRESO

  • Número de control LC: n 80068895

035 ## - NUMERO DE CONTROL

  • Número de control: (OCoLC)oca00450411

035 ## - NUMERO DE CONTROL

  • Número de control: (Uk)000526596

040 ## - FUENTE DE CATALOGACIÓN

  • Agencia original de catalogación: DLC
  • Lenguaje de catalogación: spa
  • Description conventions: rda
  • Agencia de transcripción: DLC
  • Agencia que lo modifica: DLC
  • Agencia que lo modifica: OCoLC
  • Agencia que lo modifica: Uk
  • Agencia que lo modifica: MoSU
  • Agencia que lo modifica: Uk
  • Agencia que lo modifica: MX-MxUPN

046 ## - FECHAS CON CODIFICACIÓN ESPECIAL

  • Fecha de nacimiento: 1950-11-16
  • Fuente del formato de fecha: edtf

100 1# - ENCABEZAMIENTO - NOMBRE PERSONAL

  • Nombre personal: Valcárcel, Amelia,
  • Fechas asociadas con el nombre: 1950-

370 ## - LUGAR ASOCIADO

  • Place of birth: Madrid (España)
  • Associated country: España
  • Other associated place: Oviedo (España)
  • Other associated place: Madrid (España)

372 ## - CAMPO DE ACTIVIDAD

  • Field of activity: Teoría feminista

373 ## - GRUPO ASOCIADO

  • Associated group: Spain. Consejo de Estado
  • Fuente del término: naf
  • Start period: 2006-06

373 ## - GRUPO ASOCIADO

  • Associated group: Universidad Nacional de Educación a Distancia
  • Fuente del término: naf

373 ## - GRUPO ASOCIADO

  • Associated group: Universidad de Oviedo
  • Fuente del término: naf

374 ## - OCUPACIÓN

  • Occupation: Filósofa

377 ## - LENGUA ASOCIADA

  • Language code: spa

400 1# - VEÁSE - NOMBRE DE PERSONA

  • Control subfield: nne
  • Personal name: Valcárcel y Bernaldo de Quirós, Amelia

400 1# - VEÁSE - NOMBRE DE PERSONA

  • Personal name: Bernaldo de Quirós, Amelia Valcárcel y,
  • Dates associated with a name: 1950-

400 1# - VEÁSE - NOMBRE DE PERSONA

  • Personal name: De Quirós, Amelia Valcárcel y Bernaldo,
  • Dates associated with a name: 1950-

670 ## - FUENTE EN LA QUE SE LOCALIZARON DATOS

  • Cita de la fuente: El nacionalismo asturiano, 1979:
  • Información localizada: portada (Amelia Valcárcel y Bernaldo de Quirós) solapa (Amelia Valcárcel)

670 ## - FUENTE EN LA QUE SE LOCALIZARON DATOS

  • Cita de la fuente: La política de las mujeres, 1997:
  • Información localizada: portada (Amelia Valcárcel)

670 ## - FUENTE EN LA QUE SE LOCALIZARON DATOS

  • Cita de la fuente: Ensayos sobre el bien y el mal, 2018:
  • Información localizada: portada (Amelia Valcárcel)

670 ## - FUENTE EN LA QUE SE LOCALIZARON DATOS

  • Cita de la fuente: Romero, Rosalía. Amelia Valcárcel (1949), 2003:
  • Información localizada: portada (Amelia Valcárcel) página 8 (Amelia Valcárcel y Bernaldo de Quirós, nació el 16 de noviembre de 1949)

670 ## - FUENTE EN LA QUE SE LOCALIZARON DATOS

  • Cita de la fuente: Historia del feminismo, 2011:
  • Información localizada: página 9 (prólogo por Amelia Valcárcel)

670 ## - FUENTE EN LA QUE SE LOCALIZARON DATOS

  • Cita de la fuente: Spanish Wikipedia, viewed August 13, 2019
  • Información localizada: (Amelia Valcárcel; Amelia Valcárcel y Bernaldo de Quirós; born November 16, 1950, in Madrid; Spanish philosopher and feminist; she taught at the Universidad de Oviedo for 30 years; currently, she holds the chair of moral and political philosophy at the Universidad Nacional de Educación a Distancia)

670 ## - FUENTE EN LA QUE SE LOCALIZARON DATOS

  • Cita de la fuente: Amelia Valcárcel's personal website, viewed August 13, 2019
  • Información localizada: (Amelia Valcárcel; Amelia Valcárcel y Bernaldo de Quirós; born November 16, 1950, in Madrid; nominated in June, 2006, to the Consejo de Estado)
  • Uniform Resource Identifier: https://ameliavalcarcel.com/curriculum/

670 ## - FUENTE EN LA QUE SE LOCALIZARON DATOS

  • Cita de la fuente: Biblioteca Nacional de España, datos.bne.es website, viewed August 13, 2019
  • Información localizada: (authorized access point: Valcárcel, Amelia)
  • Uniform Resource Identifier: http://datos.bne.es/persona/XX1078682.html

670 ## - FUENTE EN LA QUE SE LOCALIZARON DATOS

  • Cita de la fuente: Hablemos de Dios: un diálogo sobre la religión en el siglo XXI, 2019:
  • Información localizada: portada (Amelia Valcárcel)

902 ## - CATALOGADOR

  • Catalogador: Víctor Ruiz/090323